Central Library OPAC University of Rajshahi

Readings in cultural geography / (Record no. 11857)

MARC details
000 -LEADER
fixed length control field 00851cam a22002651 4500
001 - CONTROL NUMBER
control field 11857
003 - CONTROL NUMBER IDENTIFIER
rucl marc code BD-RjUL
005 - DATE AND TIME OF LATEST TRANSACTION
control field 20211208235208.0
008 - FIXED-LENGTH DATA ELEMENTS--GENERAL INFORMATION
fixed length control field 140127s1965 ilua 001 0 eng
035 ## - SYSTEM CONTROL NUMBER
System control number (BD-RjUL)11906
System control number (OCoLC)295559
040 ## - CATALOGING SOURCE
Original cataloging agency DLC
Transcribing agency OUrC
Modifying agency OCoLC
-- Uk
-- DLC
-- BD-RjUL
Language of cataloging eng
041 1# - LANGUAGE CODE
Language code of text/sound track or separate title eng
Language code of original und
082 ## - DEWEY DECIMAL CLASSIFICATION NUMBER
Classification number 572.9082
Author mark and year REA 1965
245 10 - TITLE STATEMENT
Title Readings in cultural geography /
Statement of responsibility, etc. Edited with introductions and translations by Philip L. Wagner and Marvin W. Mikesell.
260 ## - PUBLICATION, DISTRIBUTION, ETC. (IMPRINT)
Place of publication, distribution, etc. Chicago :
Name of publisher, distributor, etc. University of Chicago Press,
Date of publication, distribution, etc. c1962 [Reprint 1965].
300 ## - PHYSICAL DESCRIPTION
Pagination xii, 589 p. :
Illustrations illus. ;
Size 25 cm.
504 ## - BIBLIOGRAPHY, ETC. NOTE
Bibliography, etc Includes Index.
650 #0 - SUBJECT ADDED ENTRY--TOPICAL TERM
Topical term or geographic name as entry element Human geography.
9 (RLIN) 36720
700 1# - ADDED ENTRY--PERSONAL NAME
Personal name Wagner , Philip L.
Personal name Mikesell, Marvin W.,
942 ## - ADDED ENTRY ELEMENTS (KOHA)
Source of classification or shelving scheme Dewey Decimal Classification
Koha item type Books
Holdings
Lost status Source of classification or shelving scheme Damaged status Not for loan Collection code Permanent Location Current Location Shelving location Date acquired Source of acquisition Cost, normal purchase price Total Checkouts Full call number Date last seen Copy number Koha item type
  Dewey Decimal Classification     Non-fiction Central Library, University of Rajshahi Central Library, University of Rajshahi   05/09/1967 sweets and Zitlinger 63.00   572.9082 REA 1965 27/01/2014 C-7 Books
  Dewey Decimal Classification     Non-fiction Central Library, University of Rajshahi Central Library, University of Rajshahi   23/11/2065 Zeitlinger 63.00   572.9082 REA 1962 27/01/2014 C-3 Books
  Dewey Decimal Classification     Non-fiction Central Library, University of Rajshahi Central Library, University of Rajshahi   23/11/1965 Zeithlinger. 63.00   572.9082 REA 1962 27/01/2014 C-4 Books
  Dewey Decimal Classification   Not For Loan Non-fiction Central Library, University of Rajshahi Central Library, University of Rajshahi Reading Room 20/06/1963 Zeitlinger 68.00   572.9082 REA 1962 18/04/2017 C-1 Books
  Dewey Decimal Classification     Non-fiction Central Library, University of Rajshahi Central Library, University of Rajshahi   05/09/1967 sweets and Zitlinger 63.00   572.9082 REA 1965 23/05/2017 C-2 Books
  Dewey Decimal Classification     Non-fiction Central Library, University of Rajshahi Central Library, University of Rajshahi   23/11/1965 Zeitlinger 48.00   572.9082 REA 1962 28/05/2017 C-5 Books
  Dewey Decimal Classification     Non-fiction Central Library, University of Rajshahi Central Library, University of Rajshahi   05/09/1967 sweets and Zitlinger 63.00   572.9082 REA 1965 04/06/2017 C-6 Books